Statistics for Countries Closest to Portugal - 30 Second Sprint

Click here to take the quiz!

General Stats

  • This quiz has been taken 39 times
  • The average score is 11 of 20

Answer Stats

kmcountrymiles% Correct
0Spain0
100%
412France256
97%
1203Italy748
91%
637Andorra396
84%
202Morocco125
84%
520Algeria323
75%
879United Kingdom546
72%
1347Tunisia837
59%
1278Germany794
56%
1036Ireland644
56%
1097Switzerland682
56%
1211Belgium752
47%
1138Monaco707
47%
1276Luxembourg793
34%
978Mauritania608
34%
1284Netherlands798
31%
1395Austria867
25%
1385Liechtenstein861
22%
1306Mali812
22%
1539San Marino957
16%

Score Distribution

Percentile by Number Answered

Percent of People with Each Score

Your Score History

You have not taken this quiz